Para una democracia socialista (Record no. 45797)

MARC details
000 -LEADER
campo de control de longitud fija 00837nam a2200205 i 4500
001 - NÚMERO DE CONTROL
campo de control 45797
003 - IDENTIFICADOR DE NÚMERO DE CONTROL
campo de control ES-MaACL
005 - FECHA Y HORA DE LA ÚLTIMA TRANSACCIÓN
campo de control 20230906161258.0
007 - CAMPO FIJO DE DESCRIPCIÓN FÍSICA--INFORMACIÓN GENERAL
campo de control de longitud fija t|
008 - DATOS DE LONGITUD FIJA--INFORMACIÓN GENERAL
campo de control de longitud fija 030327s1976 sp ||||1| spa d
100 1# - ENTRADA PRINCIPAL--NOMBRE DE PERSONA
Nombre de persona Colletti, Lucio.
9 (RLIN) 39697
245 10 - MENCIÓN DEL TÍTULO
Título Para una democracia socialista
Resto del título : estado de derecho y soberanía popular /
Mención de responsabilidad, etc. Lucio Colletti. Problemas de la política y del Estado en una sociedad socialista / Zdenek Mylnar. Cien años después de Gotha / X. Akademos ; [traducción, Juan Ramón Capella].
260 ## - PUBLICACIÓN, DISTRIBUCIÓN, ETC.
Lugar de publicación, distribución, etc. [Barcelona] :
Nombre del editor, distribuidor, etc. Anagrama,
Fecha de publicación, distribución, etc. [1976]
300 ## - DESCRIPCIÓN FÍSICA
Extensión 134 p. ;
Dimensiones 18 cm.
700 1# - ENTRADA AGREGADA--NOMBRE PERSONAL
Nombre de persona Mylnar, Zdenek.
9 (RLIN) 84759
700 1# - ENTRADA AGREGADA--NOMBRE PERSONAL
Nombre de persona Akademos, X.
9 (RLIN) 19031
740 0# - ENTRADA AGREGADA--TÍTULO RELACIONADO/ANALÍTICO NO CONTROLADO
Título relacionado o analítico no controlado Problemas de la política y del Estado en una sociedad socialista.
740 0# - ENTRADA AGREGADA--TÍTULO RELACIONADO/ANALÍTICO NO CONTROLADO
Título relacionado o analítico no controlado Cien años después de Gotha.
852 ## - LOCALIZACIÓN
Ubicación ES-MaACL
Número de control de estantería A-5799
Sublocalización o colección R.94784
Holdings
Estatus retirado Estado de pérdida Estado de daño No para préstamo Biblioteca de origen Biblioteca actual Ubicación en estantería Fecha de adquisición Fuente de adquisición Total de préstamos Signatura topográfica completa Código de barras Visto por última vez Precio de reemplazo Tipo de ítem Koha
        Biblioteca del Ateneo de Madrid Biblioteca del Ateneo de Madrid Sala Pecera Planta 1 17/01/2008     A-5799 1048181 23/02/2023 23/02/2023 Libro impreso